| 000 | 00343 a2200133 4500 | ||
|---|---|---|---|
| 082 | _a379.154 | ||
| 090 |
_c4735 _d4735 |
||
| 100 | _aMonroe,Paul | ||
| 245 |
_aInternational Encyclopaedia of Education _cPaul Monroe |
||
| 260 |
_aNew Delhi _bCosmo Publications _c1991 |
||
| 300 | _a370p | ||
| 500 | _aHard cover | ||
| 942 |
_aNBS _cBK _k379.154 MON |
||
| 999 |
_c347167 _d347167 |
||